[Event "GER-ch54 V06 email"]
[Site "GER email"]
[Date "2022.05.01"]
[Round "?"]
[White "Fritsche, Frank"]
[Black "Amann, Hubert"]
[Result "1/2-1/2"]
[WhiteElo "2180"]
[BlackElo "2161"]
[PlyCount "59"]
[EventDate "2022.05.01"]
[EventType "tourn (corr)"]
[EventRounds "10"]
[EventCountry "GER"]
[SourceTitle "Corr 2024"]
[Source "ChessBase"]
[SourceDate "2023.10.19"]
[SourceVersion "1"]
[SourceVersionDate "2023.10.19"]
[SourceQuality "1"]

1. e4 e5 2. Nf3 Nc6 3. Bc4 Bc5 4. c3 Nf6 5. d3 0-0 6. 0-0 d6 7. h3 h6 8. Nbd2 a5 9. a4 Be6 10. Re1 Ba7 11. b3 d5 12. exd5 Nxd5 13. Ne4 Re8 14. Bd2 Nf6 15. Qe2 Nd7 16. Rab1 Bxc4 17. bxc4 f5 18. Ng3 Qf6 19. Qd1 Nc5 20. d4 Nd3 21. Bg5 hxg5 22. Qxd3 exd4 23. cxd4 g4 24. hxg4 fxg4 25. Ne4 Rxe4 26. Qxe4 gxf3 27. Rxb7 Nxd4 28. Rxc7 Rf8 29. Qd5+ Kh8 30. Qh5+ 1/2-1/2

[Event "GER-ch54 V06 email"]
[Site "GER email"]
[Date "2022.05.01"]
[Round "?"]
[White "Fritsche, Frank"]
[Black "Koestner, Wolfgang"]
[Result "1/2-1/2"]
[WhiteElo "2180"]
[BlackElo "2094"]
[PlyCount "66"]
[EventDate "2022.05.01"]
[EventType "tourn (corr)"]
[EventRounds "10"]
[EventCountry "GER"]
[SourceTitle "Corr 2024"]
[Source "ChessBase"]
[SourceDate "2023.10.19"]
[SourceVersion "1"]
[SourceVersionDate "2023.10.19"]
[SourceQuality "1"]

1. e4 c5 2. Nc3 a6 3. f4 b5 4. Nf3 Bb7 5. d4 cxd4 6. Qxd4 e6 7. Bd3 Qc7 8. Qf2 d6 9. Bd2 Nd7 10. 0-0 b4 11. Nd1 Ngf6 12. Qe2 Be7 13. Nf2 Nc5 14. Bxb4 Nfxe4 15. Nxe4 Nxe4 16. Kh1 f5 17. Nd2 d5 18. Bxe7 Qxe7 19. Nf3 0-0 20. Rad1 a5 21. Ne5 a4 22. a3 Qc7 23. c3 Bc6 24. Rc1 Rac8 25. Nxc6 Qxc6 26. Bb5 Qb6 27. Bxa4 Rc4 28. Bd1 Rfc8 29. Rc2 d4 30. cxd4 Rxc2 31. Bxc2 Qxb2 32. Bd3 Qxe2 33. Bxe2 Rd8 1/2-1/2

[Event "GER-ch54 V06 email"]
[Site "GER email"]
[Date "2022.05.01"]
[Round "?"]
[White "Ries, Berthold"]
[Black "Fritsche, Frank"]
[Result "1/2-1/2"]
[WhiteElo "2111"]
[BlackElo "2180"]
[PlyCount "79"]
[EventDate "2022.05.01"]
[EventType "tourn (corr)"]
[EventRounds "10"]
[EventCountry "GER"]
[SourceTitle "Corr 2024"]
[Source "ChessBase"]
[SourceDate "2023.10.19"]
[SourceVersion "1"]
[SourceVersionDate "2023.10.19"]
[SourceQuality "1"]

1. e4 c5 2. Nf3 Nc6 3. d4 cxd4 4. Nxd4 Nf6 5. Nc3 e5 6. Ndb5 d6 7. Bg5 a6 8. Na3 b5 9. Nd5 Be7 10. Bxf6 Bxf6 11. c3 0-0 12. Nc2 Rb8 13. h4 g6 14. g3 Bg7 15. h5 Ne7 16. Nce3 Nxd5 17. Nxd5 Bb7 18. Qd3 Rc8 19. Be2 Rc5 20. h6 Bh8 21. b4 Rc4 22. a4 Bf6 23. axb5 axb5 24. Kf1 Bg5 25. Kg2 Qc8 26. Rhd1 Bxd5 27. Qxd5 Rxc3 28. Qxb5 Bxh6 29. Qd5 Rc2 30. Bd3 Rb2 31. Rab1 Qc3 32. Rxb2 Qxb2 33. Rb1 Qd2 34. Qb3 Rc8 35. Bc4 Be3 36. Rb2 Qd4 37. Bd5 Bg5 38. Rc2 Rxc2 39. Qxc2 Qb6 40. Qc8+ 1/2-1/2

[Event "GER-ch53 V04 email"]
[Site "GER email"]
[Date "2021.04.21"]
[Round "?"]
[White "Mehlhorn, Uwe"]
[Black "Fritsche, Frank"]
[Result "1/2-1/2"]
[WhiteElo "2137"]
[BlackElo "2184"]
[PlyCount "49"]
[EventDate "2021.04.21"]
[EventType "tourn (corr)"]
[EventRounds "10"]
[EventCountry "GER"]
[SourceTitle "Corr 2024"]
[Source "ChessBase"]
[SourceDate "2023.10.19"]
[SourceVersion "1"]
[SourceVersionDate "2023.10.19"]
[SourceQuality "1"]

1. c4 Nf6 2. Nc3 g6 3. g3 Bg7 4. Bg2 0-0 5. Nf3 d6 6. d4 Nc6 7. 0-0 a6 8. h3 Bd7 9. e4 e5 10. dxe5 Nxe5 11. Nxe5 dxe5 12. Qe2 Be6 13. Rd1 Qc8 14. Kh2 c6 15. Na4 Nd7 16. b3 b5 17. Nb2 Qb7 18. Be3 a5 19. Rab1 Rfd8 20. Qc2 Bf8 21. Bf1 Be7 22. Nd3 h5 23. h4 Qa6 24. Nb2 Qb7 25. Bg2 1/2-1/2

[Event "GER-ch51 final email"]
[Site "GER email"]
[Date "2021.01.18"]
[Round "?"]
[White "Emrich, Eiko"]
[Black "Fritsche, Frank"]
[Result "1/2-1/2"]
[WhiteElo "2370"]
[BlackElo "2395"]
[PlyCount "66"]
[EventDate "2021.??.??"]
[EventType "tourn (corr)"]
[EventRounds "14"]
[EventCountry "GER"]
[SourceTitle "Corr 2022"]
[Source "ChessBase"]
[SourceDate "2021.10.24"]
[SourceVersion "1"]
[SourceVersionDate "2021.10.24"]
[SourceQuality "1"]

1. Nf3 Nf6 2. g3 g6 3. Bg2 Bg7 4. d4 0-0 5. c4 d6 6. 0-0 Nc6 7. Nc3 a6 8. b3 Rb8 9. d5 Na5 10. Bg5 h6 11. Bd2 c5 12. dxc6 Nxc6 13. Rc1 Kh7 14. Nd5 Nxd5 15. cxd5 Ne5 16. Nh4 Ng4 17. h3 Nf6 18. Bc3 Bd7 19. Re1 Rc8 20. e4 Nh5 21. Bxg7 Nxg7 22. Nf3 Rxc1 23. Qxc1 Qc8 24. Qe3 Bxh3 25. Rc1 Qd7 26. Bxh3 Qxh3 27. Rc7 e6 28. dxe6 Nxe6 29. Rxb7 Kg8 30. Ra7 Rd8 31. Qc3 Qg4 32. Rxa6 Qxe4 33. Kg2 Ng5 1/2-1/2

[Event "GER-ch51 final email"]
[Site "GER email"]
[Date "2021.01.18"]
[Round "?"]
[White "Fritsche, Frank"]
[Black "Jung, Reiner"]
[Result "1/2-1/2"]
[WhiteElo "2395"]
[BlackElo "2336"]
[PlyCount "65"]
[EventDate "2021.??.??"]
[EventType "tourn (corr)"]
[EventRounds "14"]
[EventCountry "GER"]
[SourceTitle "Corr 2022"]
[Source "ChessBase"]
[SourceDate "2021.10.24"]
[SourceVersion "1"]
[SourceVersionDate "2021.10.24"]
[SourceQuality "1"]

1. e4 c5 2. c3 d5 3. exd5 Qxd5 4. d4 Nf6 5. Nf3 e6 6. Na3 Nc6 7. Be3 cxd4 8. Nb5 Qd8 9. Nbxd4 Nd5 10. Nxc6 bxc6 11. Bd2 Bb7 12. Qc2 Qc7 13. c4 Nf6 14. c5 Nd7 15. Bc3 Nxc5 16. Rd1 Nd7 17. Be2 Nf6 18. 0-0 Bd6 19. Rfe1 c5 20. Qa4+ Kf8 21. Ba5 Qe7 22. h3 Rc8 23. Bc3 h5 24. Be5 Bxe5 25. Nxe5 Bd5 26. Bc4 Rc7 27. Qb3 Kg8 28. f4 Bxc4 29. Qxc4 Nd7 30. Rxd7 Rxd7 31. Nxd7 Qxd7 32. Qxc5 g6 33. b3 1/2-1/2

[Event "GER-ch51 final email"]
[Site "GER email"]
[Date "2021.01.18"]
[Round "?"]
[White "Huber, Martin Christian"]
[Black "Fritsche, Frank"]
[Result "1/2-1/2"]
[WhiteElo "2357"]
[BlackElo "2395"]
[PlyCount "52"]
[EventDate "2021.??.??"]
[EventType "tourn (corr)"]
[EventRounds "14"]
[EventCountry "GER"]
[SourceTitle "Corr 2022"]
[Source "ChessBase"]
[SourceDate "2021.10.24"]
[SourceVersion "1"]
[SourceVersionDate "2021.10.24"]
[SourceQuality "1"]

1. e4 c5 2. Nf3 Nc6 3. Bb5 e6 4. 0-0 Nge7 5. d4 cxd4 6. Nxd4 Qb6 7. Nxc6 bxc6 8. Bd3 Ng6 9. c4 Be7 10. Nc3 0-0 11. Na4 Qc7 12. c5 d5 13. cxd6 Bxd6 14. g3 c5 15. Be3 c4 16. Rc1 Ba6 17. Be2 Rfd8 18. Qc2 Ne5 19. f4 Nd7 20. a3 Bb5 21. Rfd1 Rac8 22. b4 a5 23. Nc3 Bc6 24. Qa2 axb4 25. axb4 Bxb4 26. Qxc4 Bxc3 1/2-1/2

[Event "ST-2020-0-00172"]
[Site "LSS email"]
[Date "2020.12.01"]
[Round "?"]
[White "Depasse, Jean Marc"]
[Black "Fritsche, Frank"]
[Result "1/2-1/2"]
[WhiteElo "2377"]
[BlackElo "2361"]
[PlyCount "70"]
[EventDate "2020.10.27"]
[EventType "tourn (corr)"]
[EventRounds "6"]
[EventCountry "GER"]
[SourceTitle "Corr 2024"]
[Source "ChessBase"]
[SourceDate "2023.10.19"]
[SourceVersion "1"]
[SourceVersionDate "2023.10.19"]
[SourceQuality "1"]

1. d4 Nf6 2. c4 g6 3. g3 Bg7 4. Bg2 0-0 5. Nc3 d6 6. Nf3 Nc6 7. 0-0 a6 8. Bf4 Rb8 9. Rc1 Bd7 10. Qd2 b5 11. Nd5 bxc4 12. Nxf6+ Bxf6 13. Bh6 Re8 14. Rxc4 e5 15. dxe5 Nxe5 16. Nxe5 Bxe5 17. b3 c5 18. Bd5 a5 19. Bg5 Qc7 20. Rfc1 h5 21. h4 Qa7 22. Bf4 Rb4 23. a3 Rbb8 24. Re4 Bf5 25. Ra4 Bxf4 26. Rxf4 Be6 27. Rc3 Bxd5 28. Qxd5 Qb7 29. Qd2 Qa6 30. Rcf3 Qxe2 31. Qxe2 Rxe2 32. Rxf7 a4 33. bxa4 Rc8 34. Rd7 c4 35. Rc3 Rf8 1/2-1/2

[Event "WC-2020-S-00002"]
[Site "LSS email"]
[Date "2020.06.08"]
[Round "?"]
[White "Domanov, Dmitry"]
[Black "Fritsche, Frank"]
[Result "1/2-1/2"]
[WhiteElo "2422"]
[BlackElo "2360"]
[PlyCount "86"]
[EventDate "2020.06.08"]
[EventType "tourn (corr)"]
[EventRounds "12"]
[EventCountry "GER"]
[SourceTitle "Corr 2024"]
[Source "ChessBase"]
[SourceDate "2023.10.19"]
[SourceVersion "1"]
[SourceVersionDate "2023.10.19"]
[SourceQuality "1"]

1. e4 c5 2. Nf3 Nc6 3. Bb5 e6 4. 0-0 Nge7 5. Re1 Nd4 6. a4 a6 7. Bf1 Nec6 8. Nxd4 cxd4 9. c3 Be7 10. Na3 0-0 11. b4 dxc3 12. dxc3 Bf6 13. Bd2 d5 14. a5 Bd7 15. Rc1 Rc8 16. Be3 Ne7 17. Qd2 dxe4 18. Bb6 Qe8 19. c4 Nf5 20. Rxe4 Qe7 21. Ree1 Ba4 22. Nc2 Bb2 23. Rb1 Qf6 24. Qe2 Bc3 25. Rec1 Bb2 26. Rd1 Rfe8 27. g3 h6 28. Bg2 Qc3 29. Rd2 Rxc4 30. Ne1 Bc1 31. Rd3 Qf6 32. Rd1 Bb5 33. Qa2 Bg5 34. Bf1 Rec8 35. Rd8+ Rxd8 36. Bxd8 Qd4 37. Bxg5 hxg5 38. Bxc4 Bxc4 39. Qc2 Bd5 40. Qd3 Qe5 41. Nf3 Qf6 42. Rc1 g4 43. Nh4 Ne7 1/2-1/2

[Event "WC-2020-S-00002"]
[Site "LSS email"]
[Date "2020.06.08"]
[Round "?"]
[White "Fritsche, Frank"]
[Black "Kahl, Fred"]
[Result "1/2-1/2"]
[WhiteElo "2360"]
[BlackElo "2389"]
[PlyCount "102"]
[EventDate "2020.06.08"]
[EventType "tourn (corr)"]
[EventRounds "12"]
[EventCountry "GER"]
[SourceTitle "Corr 2024"]
[Source "ChessBase"]
[SourceDate "2023.10.19"]
[SourceVersion "1"]
[SourceVersionDate "2023.10.19"]
[SourceQuality "1"]

1. e4 c5 2. Nc3 d6 3. f4 Nc6 4. Nf3 g6 5. Bc4 Bg7 6. 0-0 e6 7. d3 Nge7 8. Qe1 0-0 9. f5 gxf5 10. Qh4 fxe4 11. dxe4 Ng6 12. Qh5 Nce5 13. Be2 Nxf3+ 14. Rxf3 Qh4 15. Qxh4 Nxh4 16. Rd3 b6 17. Rxd6 Bd4+ 18. Kh1 Be5 19. Rd1 Kg7 20. Rd3 Ng6 21. Rh3 Rd8 22. Bg5 Rd4 23. Rf1 Bb7 24. b3 Rd6 25. a4 a6 26. Nd1 Bxe4 27. Nf2 Bxc2 28. Rc1 Bf4 29. Bxf4 Nxf4 30. Rxc2 Nxh3 31. Nxh3 Rd4 32. Kg1 Rb4 33. Rc3 b5 34. axb5 axb5 35. Rxc5 Ra5 36. Rc3 Ra2 37. Kf1 Rb2 38. Bd1 Rd4 39. Be2 Kf6 40. Rf3+ Ke7 41. Nf4 f5 42. Ke1 e5 43. Nd3 Rb1+ 44. Kf2 Kf6 45. Rh3 Rxb3 46. Rh6+ Kg7 47. Re6 e4 48. Nf4 b4 49. Rb6 Rd2 50. h4 Kf7 51. h5 Rc3 1/2-1/2

[Event "WC-2020-S-00002"]
[Site "LSS email"]
[Date "2020.06.08"]
[Round "?"]
[White "Fritsche, Frank"]
[Black "Szabo, Vilmos"]
[Result "1/2-1/2"]
[WhiteElo "2360"]
[BlackElo "2394"]
[PlyCount "104"]
[EventDate "2020.06.08"]
[EventType "tourn (corr)"]
[EventRounds "12"]
[EventCountry "GER"]
[SourceTitle "Corr 2024"]
[Source "ChessBase"]
[SourceDate "2023.10.19"]
[SourceVersion "1"]
[SourceVersionDate "2023.10.19"]
[SourceQuality "1"]

1. e4 e5 2. Nf3 Nc6 3. Bc4 Bc5 4. c3 Nf6 5. d3 a6 6. a4 d6 7. h3 0-0 8. 0-0 Ba7 9. Re1 h6 10. Nbd2 Ne7 11. b4 Ng6 12. d4 Bd7 13. Bd3 Re8 14. a5 Qc8 15. Bf1 Re7 16. Qc2 Nf4 17. Kh2 Ng6 18. Kg1 Qe8 19. d5 c6 20. dxc6 Bxc6 21. c4 Nh5 22. Nb1 Ng3 23. Bd3 f5 24. Nc3 Rc8 25. b5 fxe4 26. Nxe4 Bxe4 27. Bxe4 Nxe4 28. Qxe4 axb5 29. cxb5 Qf7 30. Be3 d5 31. Qg4 Rc4 32. Qg3 d4 33. Bxh6 gxh6 34. Rxe5 Rxe5 35. Nxe5 Bb8 36. Nxf7 Bxg3 37. Nxh6+ Kh7 38. Ng4 Bb8 39. a6 bxa6 40. bxa6 Ba7 41. Rb1 Rc7 42. Rb7 Rxb7 43. axb7 Nf4 44. Kf1 d3 45. Ne3 d2 46. Nd1 Kh6 47. h4 Kh5 48. g3 Ne6 49. Ke2 Nc5 50. Kxd2 Kg4 51. Ke2 Nxb7 52. Ne3+ Bxe3 1/2-1/2

[Event "WC-2020-S-00002"]
[Site "LSS email"]
[Date "2020.06.08"]
[Round "?"]
[White "Pascual Perez, Norge"]
[Black "Fritsche, Frank"]
[Result "1/2-1/2"]
[WhiteElo "2458"]
[BlackElo "2360"]
[PlyCount "71"]
[EventDate "2020.06.08"]
[EventType "tourn (corr)"]
[EventRounds "12"]
[EventCountry "GER"]
[SourceTitle "Corr 2024"]
[Source "ChessBase"]
[SourceDate "2023.10.19"]
[SourceVersion "1"]
[SourceVersionDate "2023.10.19"]
[SourceQuality "1"]

1. e4 c5 2. Nf3 Nc6 3. Bb5 e6 4. 0-0 Nge7 5. d4 cxd4 6. Nxd4 Qb6 7. Nxc6 bxc6 8. Bd3 Ng6 9. c4 Bc5 10. Nc3 Bd4 11. Rb1 a5 12. Na4 Qa7 13. c5 Bxc5 14. Nxc5 Qxc5 15. Be3 Qd6 16. Rc1 Nf4 17. Rc3 e5 18. Bc4 Qg6 19. Bxf4 exf4 20. Qd2 Qg5 21. Rf3 0-0 22. Rc1 Qe5 23. Qxf4 Qxf4 24. Rxf4 Ba6 25. Bb3 Bb5 26. a4 Be2 27. Rc3 Rab8 28. e5 Bh5 29. Rd4 Rfd8 30. g4 Bg6 31. Bd1 Kf8 32. b3 Ke7 33. Re3 Rb7 34. h4 h5 35. gxh5 Bf5 36. Rg3 1/2-1/2

[Event "WC-2020-S-00002"]
[Site "LSS email"]
[Date "2020.06.08"]
[Round "?"]
[White "Simal Moreira, Leonardo"]
[Black "Fritsche, Frank"]
[Result "1/2-1/2"]
[WhiteElo "2370"]
[BlackElo "2360"]
[PlyCount "54"]
[EventDate "2020.06.08"]
[EventType "tourn (corr)"]
[EventRounds "12"]
[EventCountry "GER"]
[SourceTitle "Corr 2024"]
[Source "ChessBase"]
[SourceDate "2023.10.19"]
[SourceVersion "1"]
[SourceVersionDate "2023.10.19"]
[SourceQuality "1"]

1. e4 c5 2. Nf3 Nc6 3. d4 cxd4 4. Nxd4 Nf6 5. Nc3 e5 6. Ndb5 d6 7. Bg5 a6 8. Na3 b5 9. Bxf6 gxf6 10. Nd5 f5 11. Bd3 Be6 12. 0-0 Bxd5 13. exd5 Ne7 14. Nxb5 Bg7 15. Nc3 e4 16. Bc4 0-0 17. Qd2 Ng6 18. Kh1 Qc7 19. b3 Ne5 20. Rae1 Nxc4 21. bxc4 Qxc4 22. Ne2 Kh8 23. Ng3 Bc3 24. Qh6 Qxd5 25. Re3 Qe5 26. Qh3 Bd4 27. Re2 Rab8 1/2-1/2

[Event "WC-2020-S-00002"]
[Site "LSS email"]
[Date "2020.06.08"]
[Round "?"]
[White "Szczepanski, Zbigniew"]
[Black "Fritsche, Frank"]
[Result "1/2-1/2"]
[WhiteElo "2417"]
[BlackElo "2360"]
[PlyCount "69"]
[EventDate "2020.06.08"]
[EventType "tourn (corr)"]
[EventRounds "12"]
[EventCountry "GER"]
[SourceTitle "Corr 2024"]
[Source "ChessBase"]
[SourceDate "2023.10.19"]
[SourceVersion "1"]
[SourceVersionDate "2023.10.19"]
[SourceQuality "1"]

1. Nf3 Nf6 2. c4 d6 3. d4 g6 4. Nc3 Bg7 5. h3 0-0 6. e4 e5 7. d5 a5 8. Be3 Na6 9. g4 Nd7 10. a3 Nac5 11. Rg1 a4 12. Nd2 Bf6 13. g5 Be7 14. h4 f6 15. gxf6 Nxf6 16. h5 g5 17. Rxg5+ Kh8 18. Rg2 b6 19. Qe2 Qe8 20. Nb5 Bd8 21. f4 Qxh5 22. Qxh5 Nxh5 23. fxe5 dxe5 24. 0-0-0 Nf4 25. Rg1 h5 26. Nf3 Bg4 27. Nxe5 Bxd1 28. Kxd1 Kh7 29. Nd4 Nxe4 30. Ne6 Nxe6 31. Bd3 N6c5 32. Bxc5 bxc5 33. Bxe4+ Kh8 34. Ng6+ Kg7 35. d6 1/2-1/2

[Event "GER-ch52 V03 email"]
[Site "GER email"]
[Date "2020.04.16"]
[Round "?"]
[White "Fabig, Holger"]
[Black "Fritsche, Frank"]
[Result "1/2-1/2"]
[WhiteElo "2341"]
[BlackElo "2392"]
[PlyCount "101"]
[EventDate "2020.??.??"]
[EventType "tourn (corr)"]
[EventRounds "10"]
[EventCountry "GER"]
[SourceTitle "Corr 2022"]
[Source "ChessBase"]
[SourceDate "2021.10.24"]
[SourceVersion "1"]
[SourceVersionDate "2021.10.24"]
[SourceQuality "1"]

1. e4 c5 2. Nf3 Nc6 3. Bb5 e6 4. 0-0 Nge7 5. d4 cxd4 6. Nxd4 Qb6 7. Nxc6 bxc6 8. Be2 Ng6 9. c4 Be7 10. Nc3 0-0 11. Qc2 c5 12. Be3 Bb7 13. f4 Rab8 14. Bd3 d6 15. b3 Bf6 16. Rae1 Bc6 17. Bd2 Rbd8 18. h3 Qc7 19. a3 a6 20. Kh2 Rb8 21. b4 Rb7 22. Rb1 Rfb8 23. Qd1 Be8 24. Qe1 Qd8 25. Nd1 Bc6 26. Ne3 Bd4 27. Nc2 Bf6 28. Na1 Ba4 29. Nb3 e5 30. f5 Nf4 31. Be2 Bh4 32. g3 Nxe2 33. Qxe2 Bg5 34. Na5 Rb6 35. Bc3 Qc7 36. Rb2 cxb4 37. axb4 Rc8 38. Qg4 Bf6 39. Bd2 Rbb8 40. Bg5 Bxg5 41. Qxg5 h6 42. Qe3 Qb6 43. Qd2 Bc6 44. Qe2 Ba8 45. g4 Qd8 46. Kg3 Rb6 47. h4 Rcb8 48. Rfb1 Qf6 49. Qe3 Qe7 50. g5 h5 51. Rb3 1/2-1/2

[Event "GER-ch52 V03 email"]
[Site "GER email"]
[Date "2020.04.16"]
[Round "?"]
[White "Lemke, Burghard"]
[Black "Fritsche, Frank"]
[Result "1/2-1/2"]
[WhiteElo "2277"]
[BlackElo "2392"]
[PlyCount "52"]
[EventDate "2020.??.??"]
[EventType "tourn (corr)"]
[EventRounds "10"]
[EventCountry "GER"]
[SourceTitle "Corr 2022"]
[Source "ChessBase"]
[SourceDate "2021.10.24"]
[SourceVersion "1"]
[SourceVersionDate "2021.10.24"]
[SourceQuality "1"]

1. e4 c5 2. Nf3 Nc6 3. Bb5 e6 4. 0-0 Nge7 5. c3 a6 6. Ba4 b5 7. Bc2 Bb7 8. Re1 Rc8 9. a4 Ng6 10. axb5 axb5 11. d4 cxd4 12. Nxd4 Nxd4 13. Qxd4 h6 14. Na3 Bc6 15. Bd3 Ra8 16. b4 Be7 17. Bd2 Bf6 18. Qc5 Be7 19. Qe3 Qb8 20. Qe2 Bg5 21. Nc2 Ne5 22. Rxa8 Bxa8 23. Nd4 Nxd3 24. Qxd3 Bxd2 25. Qxd2 0-0 26. Qd3 Bc6 1/2-1/2

[Event "CP-2019-Q-00006"]
[Site "LSS email"]
[Date "2019.11.27"]
[Round "?"]
[White "Fritsche, Frank"]
[Black "Elski, Marek"]
[Result "1-0"]
[WhiteElo "2360"]
[BlackElo "2015"]
[PlyCount "93"]
[EventDate "2019.12.01"]
[EventType "tourn (corr)"]
[EventRounds "6"]
[EventCountry "GER"]
[SourceTitle "Corr 2022"]
[Source "ChessBase"]
[SourceDate "2021.10.24"]
[SourceVersion "1"]
[SourceVersionDate "2021.10.24"]
[SourceQuality "1"]

1. e4 e5 2. Nf3 Nc6 3. Bc4 Nf6 4. d3 Bc5 5. c3 0-0 6. 0-0 d6 7. h3 a6 8. a4 Ba7 9. Re1 h6 10. Nbd2 Re8 11. b4 Be6 12. Bxe6 Rxe6 13. Nf1 d5 14. Qc2 Qd7 15. Be3 d4 16. cxd4 Nxb4 17. Qd2 exd4 18. Bxh6 a5 19. Bf4 Rae8 20. Ng3 c5 21. Ng5 Ra6 22. e5 Nfd5 23. e6 fxe6 24. Be5 Bb8 25. Nf3 Qd8 26. Re4 Bxe5 27. Nxe5 Nc6 28. Nf3 Nf6 29. Rh4 Qd5 30. Re1 Rf8 31. Ne4 Rb6 32. Qf4 Rb2 33. Qg3 Nxe4 34. Rexe4 Ne7 35. Rhf4 Nf5 36. Qg4 Rf6 37. Ng5 Rb1+ 38. Kh2 g6 39. Nf3 Kg7 40. Qg5 Rd1 41. Ne5 Qd6 42. g4 Rd2 43. gxf5 Rxf2+ 44. Rxf2 exf5 45. Re1 Rf7 46. Rf4 Qf6 47. Nxf7 1-0

[Event "WC-2019-Q-00001"]
[Site "LSS email"]
[Date "2019.08.28"]
[Round "?"]
[White "Broniek, Mariusz Maciej"]
[Black "Fritsche, Frank"]
[Result "1/2-1/2"]
[WhiteElo "2450"]
[BlackElo "2362"]
[PlyCount "130"]
[EventDate "2019.09.01"]
[EventType "tourn (corr)"]
[EventRounds "12"]
[EventCountry "GER"]
[SourceTitle "Corr 2022"]
[Source "ChessBase"]
[SourceDate "2021.10.24"]
[SourceVersion "1"]
[SourceVersionDate "2021.10.24"]
[SourceQuality "1"]

1. d4 Nf6 2. Nf3 g6 3. c4 Bg7 4. Nc3 0-0 5. e4 d6 6. Be2 e5 7. 0-0 Nc6 8. d5 Ne7 9. Ne1 Nd7 10. f3 f5 11. Nd3 Kh8 12. Be3 b6 13. b4 a5 14. a3 Ng8 15. Qd2 Ba6 16. Nb2 Qh4 17. bxa5 bxa5 18. Nb5 Bxb5 19. g3 Qh3 20. cxb5 Bh6 21. Nd3 Bxe3+ 22. Qxe3 Qh6 23. Qxh6 Nxh6 24. Rac1 fxe4 25. fxe4 Rxf1+ 26. Bxf1 Ra7 27. Bh3 Nb6 28. Be6 Kg7 29. Kf2 Nf7 30. h4 Nd8 31. Bg4 Na4 32. Rc4 Nb6 33. Rc2 Na4 34. Rc4 Nb6 35. Rc1 Na4 36. Ke3 Kf8 37. Bd1 Nb6 38. Bg4 Na4 39. Bd1 Nb6 40. Nb2 Nd7 41. Nc4 Nf7 42. Nd2 Nd8 43. Nc4 Nf7 44. Nb2 Nd8 45. Rc2 Nc5 46. Nc4 Nf7 47. Rb2 Ke7 48. Rb1 h5 49. Be2 Na4 50. Kd2 Nh6 51. b6 cxb6 52. Nxb6 Nxb6 53. Rxb6 Ng8 54. Bb5 Nf6 55. Kd3 Ng4 56. Bc6 Nf2+ 57. Ke3 Ng4+ 58. Ke2 Nf6 59. Kd3 Ng4 60. Bb5 Nf2+ 61. Ke3 Ng4+ 62. Kd3 Nf2+ 63. Ke3 Ng4+ 64. Ke2 Nf6 65. Kd3 Ng4 1/2-1/2

[Event "WC-2019-S-00002"]
[Site "LSS email"]
[Date "2019.08.28"]
[Round "?"]
[White "Fritsche, Frank"]
[Black "Cornel, Matei"]
[Result "1/2-1/2"]
[WhiteElo "2362"]
[BlackElo "2395"]
[PlyCount "44"]
[EventDate "2019.09.01"]
[EventType "tourn (corr)"]
[EventRounds "12"]
[EventCountry "GER"]
[SourceTitle "Corr 2024"]
[Source "ChessBase"]
[SourceDate "2023.10.19"]
[SourceVersion "1"]
[SourceVersionDate "2023.10.19"]
[SourceQuality "1"]

1. e4 e5 2. Nf3 Nc6 3. Bc4 Bc5 4. c3 Nf6 5. d3 a6 6. a4 d6 7. h3 0-0 8. 0-0 Ba7 9. Re1 Ne7 10. Nbd2 Ng6 11. d4 h6 12. Bb3 Be6 13. Bc2 Re8 14. Nf1 Bd7 15. Ng3 c5 16. dxe5 dxe5 17. Nf5 c4 18. Nd6 Re7 19. Nxc4 Qc7 20. Ne3 Be6 21. Nh2 Rd7 22. Qf3 Rad8 1/2-1/2

[Event "WC-2019-Q-00001"]
[Site "LSS email"]
[Date "2019.08.28"]
[Round "?"]
[White "Fritsche, Frank"]
[Black "Nowak, Adam"]
[Result "1/2-1/2"]
[WhiteElo "2362"]
[BlackElo "2273"]
[PlyCount "63"]
[EventDate "2019.09.01"]
[EventType "tourn (corr)"]
[EventRounds "12"]
[EventCountry "GER"]
[SourceTitle "Corr 2022"]
[Source "ChessBase"]
[SourceDate "2021.10.24"]
[SourceVersion "1"]
[SourceVersionDate "2021.10.24"]
[SourceQuality "1"]

1. e4 c5 2. Nc3 Nc6 3. f4 g6 4. Nf3 Bg7 5. Bb5 Nd4 6. 0-0 Nxb5 7. Nxb5 a6 8. Nc3 b5 9. Qe1 Bb7 10. d3 d6 11. Bd2 Nf6 12. a3 0-0 13. f5 Qd7 14. Qg3 e6 15. fxg6 fxg6 16. Qh3 Rae8 17. Bh6 Nh5 18. Bxg7 Qxg7 19. Ng5 Bc8 20. Qe3 Qd4 21. Rxf8+ Rxf8 22. Re1 Qxe3+ 23. Rxe3 e5 24. Rf3 Nf4 25. Rf2 h6 26. Nf3 Be6 27. Nd1 a5 28. Ne3 a4 29. Nd2 Kg7 30. Kf1 Rb8 31. Ke1 Nh5 32. Nb1 1/2-1/2

[Event "WC-2019-S-00002"]
[Site "LSS email"]
[Date "2019.08.28"]
[Round "?"]
[White "Marciz, Alexander"]
[Black "Fritsche, Frank"]
[Result "1/2-1/2"]
[WhiteElo "2407"]
[BlackElo "2362"]
[PlyCount "122"]
[EventDate "2019.09.01"]
[EventType "tourn (corr)"]
[EventRounds "12"]
[EventCountry "GER"]
[SourceTitle "Corr 2024"]
[Source "ChessBase"]
[SourceDate "2023.10.19"]
[SourceVersion "1"]
[SourceVersionDate "2023.10.19"]
[SourceQuality "1"]

1. e4 c5 2. Nf3 Nc6 3. Nc3 e6 4. d4 cxd4 5. Nxd4 Qc7 6. f4 a6 7. Be2 b5 8. Nxc6 Qxc6 9. Bf3 Bb7 10. Be3 Rc8 11. a3 Qc7 12. Qd2 Nf6 13. 0-0 d6 14. Qf2 Be7 15. Rad1 Nd7 16. h3 0-0 17. Qg3 Kh8 18. Kh1 h6 19. Rd3 Rg8 20. Rfd1 Rcd8 21. Bh5 Rgf8 22. Bd4 Bf6 23. Qe3 e5 24. fxe5 Bxe5 25. Qd2 Rde8 26. Bxe5 Nxe5 27. Rxd6 Nc4 28. Rd7 Qe5 29. Qe2 Rb8 30. b3 Bc6 31. R7d4 Nxa3 32. Nd5 a5 33. R4d3 b4 34. Rf1 Bb5 35. Bxf7 Bxd3 36. cxd3 Nb5 37. Nf4 Rb6 38. Ng6+ Rxg6 39. Bxg6 Rf6 40. Rxf6 Qxf6 41. Qg4 Qa1+ 42. Kh2 Qe5+ 43. Qg3 Qxg3+ 44. Kxg3 Kg8 45. Kf2 Nd4 46. Be8 Nxb3 47. Ke3 Kf8 48. Bb5 Nc1 49. Bc4 b3 50. Kd2 b2 51. Kc2 Ne2 52. Kxb2 Nf4 53. g3 Nxh3 54. d4 Ng5 55. e5 h5 56. Bd5 Ke7 57. Kc3 g6 58. Bc6 Nf7 59. Kc4 g5 60. Kb5 h4 61. Kxa5 Nxe5 1/2-1/2